00328nam a2200121Ia 4500008004100000041000800041082001600049100001500065245004700080260004300127300001900170999001700189241015s9999 xx 000 0 und d aeng a338.477 WEB aTerry Webb aFinancial Management In The Sport Industry bLarsen And Keller EducationaUSAc2023 a241;. P. 28 cm c41725d41725